000 01198nam a2200289 i 4500
001 000008694
003 DO-SdBNP
005 20250307073708.0
007 ta
008 090918s1984 dr 000 0 spa d
040 _aDO-SdBNP
_bspa
_cBNPHU
_erda
041 _aspa
082 4 _aRD868.42
_bH519i
_222
245 1 3 _aLa integridad humanística de Pedro Henríquez Ureña :
_bantología /
_cJosé Rafael Vargas; prólogo, Juan Daniel Balcácer.
264 4 _aSanto Domingo, República Dominicana :
_bUniversidad Autónoma de Santo Domingo (UASD),
_c©1984.
300 _a371 páginas ;
_c21 cm
500 _aIncluye datos biográficos del autor en la contracubierta
500 _aIncluye referencias bibliográficas y notas al pie de las páginas
504 _a Bibliografía: p. 345-371.
600 1 0 _aHenríquez Ureña, Pedro,
_d1884-1946
_91718
650 4 _aAutores dominicanos
_ySiglo XX
_923149
_vBiografías
650 4 _aIntelectuales
_zRepública Dominicana
_923150
_vBiografías
700 1 _aVargas, José Rafael
_e[compilador]
_921851
_4comp.
700 1 _aBalcácer, Juan Daniel,
_d1949-
_eprologuista
_4pr.
_96566
910 _aValidado. Control de calidad MFF
942 _2ddc
_cLBS1
999 _c8464
_d8464